01096ngm a2200277 4500003000400000005001700004007000400021008004000025010001900065024001900084035001900103040001300122082001500135245006500150246000600215250002000221260003500241300006200276440003500338500007700373500007100450500003100521538012300552538012400675650001900799dpl20080723110517.0DVD||||||sp199 xxu|||||c|||| 00| 0 eng d aDVD-000862-864 aA1850c599.00  aDVD-000862-864 aDPLcDPL aDVD / DUMB aDumbocWalt Disney Home Entertainmenth[videorecording] DVD/ a. aSpecial Edition bWalt Disney Home Entertainment a1 videodisc DVD; (64 min.) :bsd., col. ;c4 3/4 in.fDVD aWalt Disney Home Entertainment aSole Distributor in India M/s. Excel Productions Autio Visuals Pvt. Ltd. aSpecial Features: Gamaes & Activities, Music & More, Bonus Shoarts aThis DVD is Copy Protected aDolby Digital 5.1 -English, Cantonese, Thai, Hindi, Spanish Subtitles: English,Thai, Bahasa, Hindi, spanish, Mandarin aAspect Ratio: 1.33:1, Presentation type:Full Frame, Presentation Size 4x3, Format DVD 9 Dual Layer Single Sided Disc. aAnimated Movie